000 00791nam a22001817a 4500
999 _c371429
_d371429
008 201127b ||||| |||| 00| 0 eng d
040 _aDE-2950
_bger
_cDE-2950
_erda
041 _ager
245 _aRezepte für Beteiligung.
_bMitbestimmung: Milena Manns ist in Frankfurt Dezernentin für Kultur, Bildung, Sport, Europa - und Bürgerbeteiligung. Im Interview spricht sie über die maue Wahlbeteiligung beim Bürgerbudget ... /
_cNancy Waldmann
264 _c2022
653 _aFrankfurt (Oder)
653 _aManns, Milena; Dezernentin, 1982 -
773 _dFrankfurt (Oder) Märkisches Verlags- und Druckhaus GmbH & Co KG
_tMärkische Oderzeitung
_g33. Jahrgang (2022) Nr. 38 vom 15.02.2022, S. 16
942 _cA